[Event "Bad Woerishofen op"]
[Site "?"]
[Date "2000.??.??"]
[Round "4"]
[White "Steiger, Wallfried"]
[Black "Kunz, Konstantin"]
[Result "0-1"]
[WhiteElo "1890"]
[BlackElo "2260"]
[PlyCount "96"]
[EventDate "2000.??.??"]

1. d4 Nf6 2. c4 e6 3. Nc3 Bb4 4. Qc2 b6 5. a3 Bxc3+ 6. Qxc3 Bb7 7. f3 d5 8. Nh3
O-O 9. Bg5 Nbd7 10. cxd5 exd5 11. e3 h6 12. Bh4 Re8 13. O-O-O Rc8 14. Kb1 Qe7
15. Bd3 c5 16. Rhe1 Ne4 17. Bxe4 Qxh4 18. Bf5 cxd4 19. Qxd4 Qxd4 20. exd4 Rxe1
21. Rxe1 Rd8 22. Rc1 Nf6 23. Rc7 Ba6 24. Rxa7 Bf1 25. Nf4 Re8 26. Nd3 g6 27.
Bxg6 fxg6 28. Ne5 Nh5 29. g3 Ng7 30. Kc2 Nf5 31. Nxg6 Nxd4+ 32. Kd1 Be2+ 33.
Kc1 Rc8+ 34. Kd2 Rc2+ 35. Ke3 Nc6 36. Rc7 d4+ 37. Kf4 Nb4 38. Rd7 d3 39. Ke3
Nc6 40. f4 Na5 41. Ne5 Rxb2 42. Nxd3 Nc4+ 43. Ke4 Rd2 44. Rd8+ Kg7 45. Rd7+ Kf6
46. Ne5 Rxd7 47. Nxd7+ Ke6 48. Nf8+ Kd6 0-1

[Event "Bad Woerishofen op"]
[Site "?"]
[Date "2000.??.??"]
[Round "6"]
[White "Steiger, Wallfried"]
[Black "Ter, Georg"]
[Result "1/2-1/2"]
[WhiteElo "1890"]
[BlackElo "1565"]
[PlyCount "71"]
[EventDate "2000.??.??"]

1. d4 Nf6 2. Nf3 e6 3. e3 b6 4. Bd3 Bb7 5. Nbd2 Be7 6. O-O O-O 7. Qe2 d6 8. b3
c5 9. Bb2 Nbd7 10. Rad1 Qc7 11. c4 Rfe8 12. Ng5 h6 13. Nh3 cxd4 14. exd4 Rad8
15. f3 d5 16. Rfe1 Bd6 17. g3 e5 18. Qg2 dxc4 19. Bxc4 exd4 20. Bxd4 Bc5 21.
Bf2 a6 22. Ne4 Nxe4 23. fxe4 Nf6 24. Rxd8 Rxd8 25. Qf3 b5 26. Bd3 Bb4 27. Re3
Rxd3 28. Rxd3 Bxe4 29. Qf4 Qc8 30. Rd4 Qxh3 31. Rxe4 Nxe4 32. Qxe4 Bf8 33. Qa8
Qf5 34. Kg2 Qc2 35. b4 g6 36. Qxa6 1/2-1/2

[Event "Bad Woerishofen op"]
[Site "?"]
[Date "2000.??.??"]
[Round "8"]
[White "Steiger, Wallfried"]
[Black "Vonach, Bernhard"]
[Result "0-1"]
[WhiteElo "1890"]
[BlackElo "1740"]
[PlyCount "90"]
[EventDate "2000.??.??"]

1. d4 Nf6 2. c4 g6 3. Nc3 d5 4. cxd5 Nxd5 5. e4 Nxc3 6. bxc3 Bg7 7. Nf3 c5 8.
Rb1 O-O 9. Qd2 cxd4 10. cxd4 b6 11. Bb2 e6 12. Ba3 Re8 13. Bb5 Bd7 14. Bd3 Nc6
15. e5 Bc8 16. Be4 Bb7 17. O-O Nxd4 18. Qe3 Nxf3+ 19. Qxf3 Bxe4 20. Qxe4 Qd5
21. Qxd5 exd5 22. f4 f6 23. exf6 Bxf6 24. Bb2 Kf7 25. f5 Bxb2 26. fxg6+ Kxg6
27. Rxb2 Rf8 28. Rd2 Rxf1+ 29. Kxf1 Rd8 30. Ke1 Kf5 31. Re2 Rd6 32. Kd2 a6 33.
Kd3 Re6 34. g4+ Kf6 35. g5+ Kf5 36. Rg2 Re4 37. h3 Ra4 38. Kc3 Rh4 39. Rg3 b5
40. Kd3 Ra4 41. Rg2 Rh4 42. Rg3 a5 43. Kc3 Rc4+ 44. Kd3 b4 45. Kd2 Rc3 0-1

[Event "Bad Woerishofen op"]
[Site "Bad Woerishofen"]
[Date "2000.??.??"]
[Round "1"]
[White "Steinhard, Mathias"]
[Black "Kuempers, Ulrich"]
[Result "0-1"]
[WhiteElo "1800"]
[BlackElo "2240"]
[PlyCount "62"]
[EventDate "1998.03.05"]
[Source "ChessBase"]
[SourceDate "1998.04.29"]

1. e4 c6 2. Nc3 d5 3. Nf3 Bg4 4. h3 Bh5 5. exd5 cxd5 6. g4 Bg6 7. Bb5+ Nc6 8.
Ne5 Rc8 9. d4 e6 10. Qe2 Nf6 11. h4 Bb4 12. h5 Be4 13. f3 O-O 14. Bxc6 bxc6 15.
fxe4 Nxe4 16. Qd3 c5 17. O-O Bxc3 18. bxc3 cxd4 19. c4 f6 20. cxd5 Qxd5 21. Nf3
Rc3 22. Qd1 Qd6 23. Qe1 Rxc2 24. Ba3 Qf4 25. Qh4 Qe3+ 26. Kh1 Qxa3 27. Rae1 f5
28. gxf5 exf5 29. Rg1 Nf2+ 30. Kg2 Ng4+ 31. Kf1 Qa6+ 0-1

[Event "Bad Woerishofen op"]
[Site "?"]
[Date "2000.??.??"]
[Round "3"]
[White "Steinhard, Mathias"]
[Black "Mossekel, Manfred"]
[Result "1/2-1/2"]
[WhiteElo "1800"]
[BlackElo "1657"]
[PlyCount "52"]
[EventDate "2000.??.??"]

1. e4 c5 2. Nf3 a6 3. d4 cxd4 4. Nxd4 Nf6 5. Nc3 e5 6. Nf3 Bb4 7. Bc4 O-O 8.
Qd3 Qc7 9. O-O h6 10. Nd5 Nxd5 11. Bxd5 Be7 12. Be3 d6 13. Nd2 Nc6 14. c3 Kh8
15. Nc4 f5 16. f3 f4 17. Bf2 Rb8 18. Rad1 b5 19. Bxc6 bxc4 20. Qxc4 Bd7 21. Bd5
Qxc4 22. Bxc4 Rxb2 23. Bxa6 Rxa2 24. Bc4 Rc2 25. Be1 Rb8 26. Bd3 Ra2 1/2-1/2

[Event "Bad Woerishofen op"]
[Site "?"]
[Date "2000.??.??"]
[Round "5"]
[White "Steinhard, Mathias"]
[Black "Marotzke, Stefan"]
[Result "0-1"]
[WhiteElo "1800"]
[BlackElo "1674"]
[PlyCount "92"]
[EventDate "2000.??.??"]

1. e4 d5 2. exd5 Nf6 3. d4 Nxd5 4. Nf3 Bg4 5. c4 Nb6 6. c5 N6d7 7. Bc4 e6 8. h3
Bxf3 9. Qxf3 Nc6 10. Be3 Be7 11. Nc3 O-O 12. O-O e5 13. Bb5 Nxd4 14. Bxd4 exd4
15. Bxd7 Qxd7 16. Qd5 Rad8 17. Qxd7 Rxd7 18. Na4 Rfd8 19. Rac1 c6 20. Rfd1 Bf6
21. b4 Re8 22. Re1 Rde7 23. Rxe7 Rxe7 24. Kf1 d3 25. Rd1 Rd7 26. Ke1 Bd4 27.
Kf1 Be5 28. g3 f5 29. f4 Bf6 30. Kf2 g5 31. Ke3 gxf4+ 32. gxf4 Kf7 33. Rxd3
Rxd3+ 34. Kxd3 Kg6 35. Nc3 Kh5 36. Ne2 Kh4 37. Ng1 Kg3 38. Ke3 Kg2 39. Nf3 Kxh3
40. Ne5 Kg3 41. a4 h5 42. b5 h4 43. bxc6 bxc6 44. Nd3 h3 45. Ke2 h2 46. Nf2 Bd4
0-1

[Event "Bad Woerishofen op"]
[Site "?"]
[Date "2000.??.??"]
[Round "9"]
[White "Steinhard, Mathias"]
[Black "Schwabe, Manfred"]
[Result "1/2-1/2"]
[WhiteElo "1800"]
[BlackElo "1719"]
[PlyCount "32"]
[EventDate "2000.??.??"]

1. e4 e6 2. d4 d5 3. Nc3 Bb4 4. e5 Ne7 5. a3 Bxc3+ 6. bxc3 c5 7. Qg4 Nf5 8. Bd3
g6 9. Nf3 h5 10. Qg5 Qxg5 11. Bxg5 c4 12. Be2 b6 13. Bf6 Rg8 14. Ng5 Bd7 15.
Nh7 Ba4 16. Bg5 Nd7 1/2-1/2

[Event "Bad Woerishofen op"]
[Site "?"]
[Date "2000.??.??"]
[Round "2"]
[White "Stiepan, Hans-Michael"]
[Black "Auer, Hans"]
[Result "1/2-1/2"]
[WhiteElo "1644"]
[BlackElo "1905"]
[PlyCount "103"]
[EventDate "2000.??.??"]

1. d4 c5 2. d5 d6 3. e4 e5 4. Nc3 Nf6 5. Bd3 Be7 6. Nf3 Bg4 7. h3 Bh5 8. Bd2
Nbd7 9. g4 Bg6 10. Qe2 a6 11. a4 Qc7 12. Nh2 h5 13. g5 Nh7 14. h4 Nb6 15. b3 f6
16. gxf6 Bxf6 17. Nf3 Bf7 18. Ng5 Qe7 19. Nxh7 Rxh7 20. O-O-O Bxh4 21. f4 exf4
22. e5 dxe5 23. Bxh7 Bf6 24. d6 Qe6 25. Ne4 c4 26. Nc5 Qxd6 27. Nxb7 Qa3+ 28.
Kb1 cxb3 29. Bc3 Nxa4 30. Bxe5 bxc2+ 31. Qxc2 Qb4+ 32. Bb2 Qxb7 33. Be4 Qxb2+
34. Qxb2 Nxb2 35. Bxa8 Nxd1 36. Bc6+ Kf8 37. Rxd1 g5 38. Rf1 Bc4 39. Rf2 Ke7
40. Kc2 Bd4 41. Rh2 Bf7 42. Kd3 Be3 43. Be4 Kf6 44. Rc2 g4 45. Rc6+ Kg5 46.
Rxa6 g3 47. Bg2 Kg4 48. Ke4 h4 49. Rh6 Kg5 50. Ra6 Bg6+ 51. Rxg6+ Kxg6 52. Kf3
1/2-1/2

[Event "Bad Woerishofen op"]
[Site "?"]
[Date "2000.??.??"]
[Round "4"]
[White "Stiepan, Hans-Michael"]
[Black "Steinhard, Mathias"]
[Result "1-0"]
[WhiteElo "1644"]
[BlackElo "1800"]
[PlyCount "119"]
[EventDate "2000.??.??"]

1. d4 d5 2. c4 dxc4 3. Nf3 Nf6 4. e3 e6 5. Bxc4 c5 6. O-O a6 7. a4 Nc6 8. Nc3
Be7 9. dxc5 Qxd1 10. Rxd1 Bxc5 11. Bd2 O-O 12. Ne2 b6 13. Bc3 Be7 14. Ned4 Bb7
15. Rac1 Rac8 16. Nxe6 fxe6 17. Bxe6+ Kh8 18. Bxc8 Rxc8 19. h3 Kg8 20. Rd2 Nb4
21. Rcd1 Nbd5 22. Bxf6 Nxf6 23. Nd4 Ne4 24. Rc2 Rxc2 25. Nxc2 Bc6 26. b3 Nc5
27. Nd4 Be4 28. f3 Bg6 29. Nc6 Bf6 30. a5 bxa5 31. Nxa5 Nxb3 32. Nxb3 Bc2 33.
Rd6 Bxb3 34. Rxa6 Bc4 35. Rc6 Bd5 36. Rc7 Be6 37. Kf2 Bh4+ 38. g3 Bd8 39. Rb7
Bf6 40. h4 Bd5 41. Rc7 h6 42. e4 Be6 43. Rb7 Bd4+ 44. Kg2 Kh7 45. g4 Bf6 46.
Kg3 Bc8 47. Rb1 Be6 48. f4 Ba2 49. Rb7 Bc3 50. h5 Be1+ 51. Kf3 Bc4 52. Ke3 Ba6
53. Rb8 Bc4 54. e5 Bh4 55. Ke4 Be7 56. Rb7 Bh4 57. f5 Bf1 58. Rc7 Be2 59. f6
Kh8 60. f7 1-0

[Event "Bad Woerishofen op"]
[Site "?"]
[Date "2000.??.??"]
[Round "6"]
[White "Stiepan, Hans-Michael"]
[Black "Taufratshofer, Martin"]
[Result "0-1"]
[WhiteElo "1644"]
[BlackElo "2104"]
[PlyCount "36"]
[EventDate "2000.??.??"]

1. d4 d5 2. c4 c6 3. Nc3 Nf6 4. Nf3 e6 5. Bg5 dxc4 6. e4 b5 7. e5 h6 8. Bh4 g5
9. Nxg5 hxg5 10. Bxg5 Nbd7 11. exf6 Bb7 12. g3 c5 13. d5 b4 14. dxe6 bxc3 15.
exf7+ Kxf7 16. Bxc4+ Kg6 17. Qg4 Ne5 18. Qe6 Nf3+ 0-1

[Event "Bad Woerishofen op"]
[Site "?"]
[Date "2000.??.??"]
[Round "8"]
[White "Stiepan, Hans-Michael"]
[Black "Pruess, Martin"]
[Result "1-0"]
[WhiteElo "1644"]
[BlackElo "1870"]
[PlyCount "91"]
[EventDate "2000.??.??"]

1. d4 d6 2. Nf3 g6 3. c4 Bg7 4. Nc3 Nf6 5. g3 O-O 6. Bg2 c6 7. O-O Nbd7 8. e4
e5 9. h3 Nh5 10. Be3 Re8 11. Qc2 Nf8 12. Rad1 Qe7 13. Rfe1 h6 14. b4 g5 15. d5
g4 16. hxg4 Bxg4 17. Rd2 Ng6 18. c5 cxd5 19. Nxd5 Qd7 20. cxd6 Rec8 21. Qb2 Rc6
22. Rc1 Rxc1+ 23. Qxc1 Rc8 24. Qb2 b6 25. Bxb6 axb6 26. Nxb6 Qd8 27. Nxc8 Bxc8
28. Qc3 Bd7 29. Qc7 Bf6 30. Bf1 Ng7 31. b5 Ne6 32. Qxd8+ Bxd8 33. Rb2 Bb6 34.
Nd2 Nc5 35. Nc4 Ba7 36. b6 Bb8 37. f3 Nb7 38. a4 Nxd6 39. Nxd6 Bxd6 40. a5 Ne7
41. b7 Bb8 42. Rd2 Kf8 43. Rxd7 Ke8 44. Bb5 f6 45. a6 Ba7+ 46. Kf1 1-0

[Event "Bad Woerishofen op"]
[Site "Bad Woerishofen"]
[Date "2000.??.??"]
[Round "2"]
[White "Straub, Peter"]
[Black "Sebastian, Dirk"]
[Result "1-0"]
[WhiteElo "2126"]
[BlackElo "2322"]
[PlyCount "81"]
[EventDate "1998.03.05"]
[Source "ChessBase"]
[SourceDate "1998.04.29"]

1. d4 g6 2. g3 Bg7 3. Bg2 Nf6 4. c4 O-O 5. Nc3 d6 6. Nf3 Nbd7 7. O-O e5 8. e4
exd4 9. Nxd4 Re8 10. Rb1 a6 11. b3 Nc5 12. Re1 Ng4 13. Bb2 Ne5 14. Re3 Bd7 15.
f4 Nc6 16. Nd5 Ne7 17. Qe2 Nxd5 18. cxd5 a5 19. Ba1 Qc8 20. Re1 Rb8 21. Qf1 c6
22. e5 dxe5 23. fxe5 cxd5 24. Bxd5 Be6 25. Bg2 Nd7 26. Nxe6 fxe6 27. Rc1 Qd8
28. Rd3 Qb6+ 29. Bd4 Qa6 30. Rc7 Rf8 31. Qd1 Nb6 32. Kh1 Nd5 33. Bxd5 exd5 34.
Rf3 Qe6 35. Re3 Bh6 36. Re1 Rbc8 37. Rxc8 Rxc8 38. Qe2 Bg7 39. Ba1 Qf5 40. e6
Rc2 41. Qxc2 1-0

[Event "Bad Woerishofen op"]
[Site "?"]
[Date "2000.??.??"]
[Round "4"]
[White "Straub, Peter"]
[Black "Heinig, Wolfram"]
[Result "1/2-1/2"]
[WhiteElo "2126"]
[BlackElo "2287"]
[PlyCount "145"]
[EventDate "2000.??.??"]

1. d4 Nf6 2. c4 d6 3. Nc3 Nbd7 4. Nf3 g6 5. g3 Bg7 6. Bg2 O-O 7. O-O e5 8. e4
a6 9. h3 b5 10. cxb5 axb5 11. dxe5 dxe5 12. Re1 Rb8 13. b4 Re8 14. Be3 Qe7 15.
Rb1 c5 16. bxc5 Nxc5 17. Nxb5 Ncxe4 18. Nxe5 Qxe5 19. Bf4 Qc5 20. Bxb8 Qxf2+
21. Kh2 Bxh3 22. Qf3 Qxg2+ 23. Qxg2 Bxg2 24. Kxg2 Rxb8 25. Rec1 Nd2 26. Rb4 Nd5
27. Ra4 Bb2 28. Rc5 Ne3+ 29. Kh3 h5 30. Nd6 Ng4 31. Rc8+ Rxc8 32. Nxc8 Be5 33.
Ne7+ Kg7 34. Nc6 Bf6 35. Rb4 Ne3 36. a4 Nd5 37. Rb5 Nc3 38. Rb4 Nxa4 39. Rxa4
Nb3 40. Ra7 Nc5 41. Ra5 Ne6 42. Ne5 Bd8 43. Rd5 Bc7 44. Nf3 Kf6 45. Kh4 Bb6 46.
Ng5 Nxg5 47. Rd6+ Kf5 48. Rxb6 Nf3+ 49. Kh3 f6 50. Rb5+ Ne5 51. Rb6 g5 52. Ra6
Nf3 53. Ra5+ Ke4 54. Ra6 g4+ 55. Kg2 Kf5 56. Ra5+ Kg6 57. Ra4 f5 58. Ra6+ Kg5
59. Ra5 h4 60. gxh4+ Nxh4+ 61. Kg3 Ng6 62. Rb5 Nf8 63. Ra5 Nd7 64. Kf2 Nf6 65.
Ke3 Nh5 66. Rb5 Nf4 67. Kf2 Ng6 68. Kg3 Nf4 69. Ra5 Ne2+ 70. Kf2 Nc3 71. Ke3
Nd1+ 72. Ke2 Nc3+ 73. Ke3 1/2-1/2

[Event "Bad Woerishofen op"]
[Site "?"]
[Date "2000.??.??"]
[Round "6"]
[White "Straub, Peter"]
[Black "de Francesco, Klaus"]
[Result "1-0"]
[WhiteElo "2126"]
[BlackElo "2279"]
[PlyCount "99"]
[EventDate "2000.??.??"]

1. d4 d5 2. c4 c6 3. Nc3 Nf6 4. cxd5 cxd5 5. Bf4 Nc6 6. e3 a6 7. Bd3 g6 8. h3
Bg7 9. Nf3 O-O 10. Rc1 Bd7 11. O-O b5 12. Ne5 Na5 13. b3 Be6 14. Bh2 Nd7 15. f4
Nxe5 16. fxe5 Qb6 17. Qd2 Nc6 18. Ne2 Bd7 19. Bb1 e6 20. Kh1 Rac8 21. b4 Rc7
22. Nf4 Rfc8 23. Nd3 Be8 24. Nc5 a5 25. a3 axb4 26. axb4 Qa7 27. Bd3 Qa3 28.
Rb1 Rb8 29. Rb3 Qa8 30. Bb1 Ra7 31. e4 Ne7 32. exd5 Qxd5 33. Be4 Qd8 34. Rbf3
Nc6 35. Rd3 Qe7 36. Bf4 Rba8 37. Bg5 Qc7 38. Rb3 Ra1 39. Rbb1 Rxb1 40. Bxb1 Ra1
41. Ne4 Ra8 42. Nf6+ Kh8 43. Rc1 Qd8 44. Be4 Ra6 45. Nxh7 Qxd4 46. Qxd4 Nxd4
47. Nf6 Bc6 48. Rd1 Bxe4 49. Rxd4 Ra1+ 50. Kh2 1-0

[Event "Bad Woerishofen op"]
[Site "?"]
[Date "2000.??.??"]
[Round "8"]
[White "Straub, Peter"]
[Black "Tauber, Manfred"]
[Result "0-1"]
[WhiteElo "2126"]
[BlackElo "2283"]
[PlyCount "60"]
[EventDate "2000.??.??"]

1. d4 Nf6 2. c4 e6 3. g3 d5 4. Bg2 Be7 5. Nf3 O-O 6. O-O b6 7. Nc3 Bb7 8. b3
Na6 9. Bb2 c5 10. cxd5 exd5 11. Rc1 Re8 12. Qc2 Bf8 13. Rfd1 Qe7 14. Qb1 g6 15.
Qa1 Bh6 16. e3 Ng4 17. Ne5 Nxe5 18. dxe5 d4 19. exd4 Bxg2 20. Kxg2 Bxc1 21.
Qxc1 cxd4 22. Rxd4 Rad8 23. Rxd8 Rxd8 24. Ne4 Nc5 25. Nf6+ Kg7 26. Qg5 Qb7+ 27.
f3 Ne6 28. Nh5+ Kh8 29. Qf6+ Kg8 30. Ba3 gxh5 0-1

[Event "Bad Woerishofen op"]
[Site "Bad Woerishofen"]
[Date "2000.??.??"]
[Round "2"]
[White "Stumpf, Heinz"]
[Black "Ruppert, Lothar"]
[Result "1-0"]
[WhiteElo "2285"]
[BlackElo "1919"]
[PlyCount "55"]
[EventDate "1998.03.05"]
[Source "ChessBase"]
[SourceDate "1998.04.29"]

1. d4 Nf6 2. Nf3 d5 3. e3 g6 4. c4 Bg7 5. Nc3 e6 6. Be2 O-O 7. O-O b6 8. b4 a5
9. b5 dxc4 10. Ne5 Bb7 11. Bf3 Nd5 12. Nxd5 Bxd5 13. Ba3 Re8 14. Nxc4 Nd7 15.
Rc1 Rc8 16. e4 Ba8 17. e5 Nf8 18. Bxa8 Rxa8 19. Qf3 Rc8 20. Rfd1 Qd5 21. Qxd5
exd5 22. Ne3 Red8 23. Bxf8 Kxf8 24. Rc6 Bh6 25. Rdc1 Bxe3 26. fxe3 Ke8 27. Rxc7
Rb8 28. e6 1-0

[Event "Bad Woerishofen op"]
[Site "?"]
[Date "2000.??.??"]
[Round "4"]
[White "Stumpf, Heinz"]
[Black "Lerner, Konstantin"]
[Result "0-1"]
[WhiteElo "2285"]
[BlackElo "2575"]
[PlyCount "94"]
[EventDate "2000.??.??"]

1. d4 Nf6 2. Nf3 d5 3. e3 g6 4. c4 Bg7 5. Nc3 O-O 6. cxd5 Nxd5 7. Bc4 Nxc3 8.
bxc3 c5 9. Bb2 Qc7 10. Rc1 Nc6 11. O-O b6 12. Qe2 Bb7 13. e4 e6 14. e5 Na5 15.
Bd3 Qc6 16. Rfe1 Rac8 17. Bb5 Qc7 18. Rcd1 Bh6 19. Ba3 Rfd8 20. h4 cxd4 21.
cxd4 Qc2 22. Ng5 Qxe2 23. Rxe2 Rd5 24. Rb2 Nc4 25. Bxc4 Rxc4 26. Rb4 Rc8 27.
Rb2 Rd7 28. f3 Rdc7 29. Kf2 Bd5 30. Rdd2 Rc4 31. Bb4 Bg7 32. Ke3 f6 33. exf6
Bxf6 34. g3 Rd8 35. Rd3 Bb7 36. Bc3 Rxc3 37. Rxc3 Bxd4+ 38. Kd2 Bxc3+ 39. Kxc3
Bd5 40. Rd2 h6 41. Nh3 Kf7 42. f4 Rc8+ 43. Kb2 Rc4 44. a3 Re4 45. Kc3 Re1 46.
Rd3 Rf1 47. Rd2 Ra1 0-1

[Event "Bad Woerishofen op"]
[Site "?"]
[Date "2000.??.??"]
[Round "6"]
[White "Stumpf, Heinz"]
[Black "Lindenmair, Anton"]
[Result "1/2-1/2"]
[WhiteElo "2285"]
[BlackElo "2108"]
[PlyCount "33"]
[EventDate "2000.??.??"]

1. d4 Nf6 2. Nf3 g6 3. Nc3 d5 4. Bf4 Bg7 5. e3 O-O 6. Be2 c5 7. Ne5 Nc6 8. O-O
cxd4 9. exd4 Bf5 10. Nxc6 bxc6 11. Na4 Nd7 12. g4 e5 13. dxe5 Be6 14. Bg3 Nxe5
15. c3 f5 16. gxf5 Bxf5 17. Nc5 1/2-1/2

[Event "Bad Woerishofen op"]
[Site "?"]
[Date "2000.??.??"]
[Round "8"]
[White "Stumpf, Heinz"]
[Black "Bruns, Michael"]
[Result "1-0"]
[WhiteElo "2285"]
[BlackElo "2105"]
[PlyCount "31"]
[EventDate "2000.??.??"]

1. d4 Nf6 2. Nf3 g6 3. Nc3 d5 4. Bf4 Bg7 5. e3 Bg4 6. Be2 O-O 7. Ne5 Bxe2 8.
Qxe2 c5 9. h4 cxd4 10. exd4 Nc6 11. O-O-O Rc8 12. h5 Ne4 13. Nxe4 dxe4 14. hxg6
fxg6 15. Qc4+ Kh8 16. Nxg6# 1-0

[Event "Bad Woerishofen op"]
[Site "Bad Woerishofen"]
[Date "2000.??.??"]
[Round "2"]
[White "Sulava, Nenad"]
[Black "Oud, Niek"]
[Result "1-0"]
[WhiteElo "2486"]
[BlackElo "2194"]
[PlyCount "97"]
[EventDate "1998.03.05"]
[Source "ChessBase"]
[SourceDate "1998.04.29"]

1. d4 d5 2. Nf3 Nf6 3. c4 e6 4. g3 Be7 5. Bg2 O-O 6. Qc2 c5 7. dxc5 Qa5+ 8. Nc3
Nc6 9. O-O dxc4 10. Bg5 Qxc5 11. Bxf6 Bxf6 12. Ne4 Qe7 13. Rfd1 e5 14. Qxc4 Be6
15. Qb5 Rfd8 16. a3 Rd7 17. Rxd7 Bxd7 18. Qxb7 Rb8 19. Qc7 Rxb2 20. Nxf6+ gxf6
21. Rd1 Be8 22. Qc8 Qe6 23. Qxe6 fxe6 24. e3 Ra2 25. Bh3 Kf7 26. Nd2 Rxa3 27.
Nc4 Rc3 28. Nd6+ Ke7 29. Nxe8 Kxe8 30. Bxe6 a5 31. Rd7 a4 32. Rxh7 a3 33. Kg2
Rc2 34. Bd7+ Kd8 35. Bxc6 Rxc6 36. Ra7 Rc3 37. h4 Kc8 38. h5 Kb8 39. Ra4 Kb7
40. h6 Rc7 41. Rxa3 Rh7 42. Kf3 Rxh6 43. Kg4 Kc6 44. Kf5 Kd5 45. g4 Rh2 46. f4
Rg2 47. Ra5+ Kd6 48. Ra6+ Ke7 49. Re6+ 1-0

[Event "Bad Woerishofen op"]
[Site "?"]
[Date "2000.??.??"]
[Round "4"]
[White "Sulava, Nenad"]
[Black "Kostic, Vladimir"]
[Result "1/2-1/2"]
[WhiteElo "2486"]
[BlackElo "2389"]
[PlyCount "180"]
[EventDate "2000.??.??"]

1. d4 Nf6 2. c4 e6 3. g3 d5 4. Bg2 Be7 5. Nf3 O-O 6. Qc2 dxc4 7. Nbd2 Bd7 8.
Qxc4 Bc6 9. O-O a6 10. Qc2 a5 11. e4 Na6 12. a3 Bb5 13. Rd1 Be2 14. Re1 Bxf3
15. Nxf3 c5 16. Rd1 cxd4 17. Nxd4 Qb8 18. e5 Qxe5 19. Bf4 Qc5 20. Qb3 Nd5 21.
Rac1 Nxf4 22. Rxc5 Nxc5 23. Qf3 Nxg2 24. Kxg2 a4 25. Nb5 Rad8 26. Nc3 Rxd1 27.
Qxd1 Rd8 28. Qe2 Bf8 29. h4 h6 30. Kh3 Rd4 31. f3 g6 32. Qb5 Rd2 33. Ne4 Nxe4
34. fxe4 Bg7 35. Qe8+ Bf8 36. Qb5 Bd6 37. e5 Rd5 38. Qe8+ Bf8 39. Qxa4 Rxe5 40.
Qa8 b5 41. b3 Re3 42. a4 Rxb3 43. h5 g5 44. a5 Ra3 45. a6 b4 46. a7 b3 47. Qb7
b2 48. Qxb2 Rxa7 49. Qf6 Ra5 50. Kg4 Ra4+ 51. Kh3 Ra2 52. Qe5 Rd2 53. Qb8 Rd5
54. Qa8 Rd4 55. Qb8 Rd1 56. Qc8 Rf1 57. Qc4 Rf5 58. Qc8 Rf6 59. Qc3 Be7 60. Qc7
Bf8 61. Qc3 Rf5 62. Qc8 Re5 63. Qb8 Rd5 64. Qa8 Rd7 65. Qc8 Re7 66. Qa8 e5 67.
Qe4 Re8 68. Kg4 Bg7 69. Kf5 Bf8 70. Qa4 Re6 71. Ke4 Kg7 72. Qa5 Be7 73. Qc3 Bf6
74. Qc7 Ra6 75. Qc3 Ra2 76. Kf5 Ra6 77. Qc4 Rd6 78. Qb5 Re6 79. Ke4 Be7 80. Qa5
Bd6 81. Qc3 Bb8 82. Qa5 Rf6 83. Qb5 Bd6 84. Qd7 Re6 85. Qb5 Be7 86. Qa5 Bf6 87.
Qc7 Ra6 88. Kf5 Re6 89. Ke4 Ra6 90. Kf5 Re6 1/2-1/2

[Event "Bad Woerishofen op"]
[Site "?"]
[Date "2000.??.??"]
[Round "6"]
[White "Sulava, Nenad"]
[Black "Nevednichy, Vladislav"]
[Result "0-1"]
[WhiteElo "2486"]
[BlackElo "2589"]
[PlyCount "98"]
[EventDate "2000.??.??"]

1. Nf3 Nf6 2. c4 g6 3. Nc3 Bg7 4. e4 d6 5. d4 O-O 6. Be2 e5 7. O-O Nc6 8. d5
Ne7 9. Ne1 Nd7 10. Be3 f5 11. f3 f4 12. Bf2 g5 13. a4 a5 14. Nd3 b6 15. b4 axb4
16. Nb5 Nf6 17. Be1 g4 18. Bxb4 g3 19. h3 Ne8 20. Qd2 Ng6 21. Rfc1 Nh4 22. Ne1
Rf6 23. Bf1 Rh6 24. Rc3 Bf8 25. Rca3 Bd7 26. a5 bxa5 27. Rxa5 Rxa5 28. Rxa5 Qb8
29. Ra6 Bxh3 30. gxh3 g2 31. Bxg2 Nxg2 32. Nxg2 Qc8 33. Ra3 Qxh3 34. Qe1 Be7
35. Kf2 Qg3+ 36. Kg1 Qh3 37. Kf2 Rg6 38. Qf1 Qh2 39. Qg1 Qh3 40. Kf1 Rg3 41.
Be1 Rg6 42. Rd3 Kf7 43. Rc3 Bd8 44. Bf2 Be7 45. Na3 Nf6 46. Be1 Nxe4 47. fxe4
f3 48. Rxf3+ Qxf3+ 49. Qf2 Rf6 0-1

[Event "Bad Woerishofen op"]
[Site "?"]
[Date "2000.??.??"]
[Round "8"]
[White "Sulava, Nenad"]
[Black "Wilhelmi, Christian"]
[Result "1-0"]
[WhiteElo "2486"]
[BlackElo "2423"]
[PlyCount "85"]
[EventDate "2000.??.??"]

1. Nf3 c5 2. c4 g6 3. d4 Bg7 4. d5 b5 5. e4 bxc4 6. Bxc4 d6 7. O-O Nd7 8. Bb5
Rb8 9. Na3 Kf8 10. Rb1 Ngf6 11. Re1 Ng4 12. h3 Nge5 13. Nd2 g5 14. Bxd7 Qxd7
15. Ndc4 Ba6 16. Nxe5 Bxe5 17. b3 Rg8 18. Bb2 Bxb2 19. Rxb2 g4 20. hxg4 Qxg4
21. Qxg4 Rxg4 22. f3 Rg6 23. Nc2 Bc8 24. Kf2 Rh6 25. Ne3 Bd7 26. Reb1 a5 27. a3
e5 28. Nc4 Ra8 29. g4 Rh2+ 30. Ke3 Rxb2 31. Rxb2 Ra6 32. Kd2 Bb5 33. Ne3 Rb6
34. Kc3 Bd7 35. Nc4 Ra6 36. Rh2 Kg7 37. g5 Bb5 38. Ne3 a4 39. Nf5+ Kg6 40. Nxd6
Bf1 41. Rh6+ Kxg5 42. Nxf7+ Kf4 43. d6 1-0

[Event "Bad Woerishofen op"]
[Site "Bad Woerishofen"]
[Date "2000.??.??"]
[Round "1"]
[White "Taschner, Peter"]
[Black "Heinbuch, Detlef"]
[Result "0-1"]
[WhiteElo "2019"]
[BlackElo "2394"]
[PlyCount "60"]
[EventDate "1998.03.05"]
[Source "ChessBase"]
[SourceDate "1998.04.29"]

1. e4 c5 2. Nf3 Nc6 3. Bb5 g6 4. O-O Bg7 5. Re1 e5 6. c3 Nge7 7. Na3 O-O 8. Nc2
d5 9. exd5 Qxd5 10. Ne3 Qd6 11. a4 h6 12. Qc2 Be6 13. d3 Rad8 14. Nd2 Qc7 15.
Nb3 b6 16. Bc4 Bc8 17. Qe2 Kh7 18. g4 a6 19. h4 f5 20. f3 e4 21. dxe4 fxe4 22.
Rf1 exf3 23. Rxf3 Ne5 24. Rxf8 Rxf8 25. Nd5 Nxd5 26. Bxd5 Bxg4 27. Qg2 Bf3 28.
Bxf3 Nxf3+ 29. Kh1 Qe7 30. Qg3 Qe4 0-1

[Event "Bad Woerishofen op"]
[Site "?"]
[Date "2000.??.??"]
[Round "3"]
[White "Taschner, Peter"]
[Black "Bintakies, Michael"]
[Result "0-1"]
[WhiteElo "2019"]
[BlackElo "2198"]
[PlyCount "90"]
[EventDate "2000.??.??"]

1. e4 c6 2. d4 d5 3. e5 Bf5 4. Be2 e6 5. Nf3 Ne7 6. c3 Nd7 7. O-O c5 8. Na3 Nc6
9. Nc2 Be7 10. Nce1 O-O 11. Bd3 Bg4 12. h3 Bh5 13. g4 Bg6 14. Bxg6 hxg6 15. Qe2
Rc8 16. Nd3 cxd4 17. cxd4 Qb6 18. Be3 Qa6 19. Bd2 Nb6 20. b3 Ba3 21. Rfe1 Rc7
22. Qe3 Rfc8 23. Ng5 Be7 24. h4 Nd7 25. Kg2 Bxg5 26. hxg5 Qb6 27. Nc5 Nxd4 28.
Nxd7 Rxd7 29. Rh1 Rdc7 30. Qh3 Kf8 31. Qh8+ Ke7 32. Qxg7 Rf8 33. Be3 Qb4 34.
Rac1 Nc2 35. Kg3 Rc3 36. Qf6+ Ke8 37. Rh8 d4 38. Rxf8+ Qxf8 39. Rxc2 Rxc2 40.
Bxd4 Rxa2 41. Qf3 Qb4 42. Qe3 b6 43. Qe4 Qxb3+ 44. Be3 Qd5 45. Qf4 Ra5 0-1

[Event "Bad Woerishofen op"]
[Site "?"]
[Date "2000.??.??"]
[Round "6"]
[White "Taschner, Peter"]
[Black "Garnier-Salvi, Vince"]
[Result "1-0"]
[WhiteElo "2019"]
[BlackElo "1740"]
[PlyCount "94"]
[EventDate "2000.??.??"]

1. e4 c5 2. Nf3 Nc6 3. Bb5 g6 4. O-O Bg7 5. c3 Nf6 6. Re1 O-O 7. d4 d5 8. exd5
Qxd5 9. c4 Qd6 10. Bxc6 Qxc6 11. Ne5 Qb6 12. dxc5 Qxc5 13. Qe2 Be6 14. Bd2 Nd7
15. Nxd7 Bxd7 16. Bc3 Be6 17. Bxg7 Kxg7 18. Nd2 Rfd8 19. b3 Rd7 20. Ne4 Qc6 21.
Rad1 Rad8 22. Nc3 a6 23. Rxd7 Rxd7 24. Qe5+ Kg8 25. h4 Qd6 26. Qxd6 Rxd6 27.
Ne4 Rc6 28. Ng5 Kg7 29. f3 Rd6 30. Nxe6+ Rxe6 31. Rxe6 fxe6 32. Kf2 Kf6 33. Ke3
e5 34. Ke4 Ke6 35. c5 Kd7 36. Kd5 e6+ 37. Kxe5 Kc6 38. Kd4 b5 39. cxb6 Kxb6 40.
Kc4 Kc6 41. b4 h6 42. a4 g5 43. hxg5 hxg5 44. Kd4 Kd6 45. Ke4 Kc6 46. Ke5 Kd7
47. g4 Ke7 1-0